Sports Quiz

Random Sports or World Quiz

World Cup 2010 Trivia Quiz Stats

 Plays Quiz not verified by Sporcle

Score 0/16 Timer 04:00
0 Plays Today
Questions % Correct
Who won the Golden Ball (best player)?Diego Forlan
89.3%
Who scored the last goal of the 2010 World Cup?Andres Iniesta
81.6%
What was the score of Spain's Semifinal with Germany?1-0
74.8%
Who had the most shots on goal?David Villa
67%
Who got a red card for using his hands to swat a ball?Luis Suarez
64.1%
What country was the only undefeated team in the tournament?New Zealand
63.1%
What team did not score a goal (there are 2)?Algeria
58.3%
Name one of the official World Cup Songs.Waka Waka
57.3%
Questions % Correct
What was the stadium name that hosted the first and last games of the tournament?Soccer City
52.4%
Who was the Golden Boot Winner?Thomas Mueller
50.5%
Name of the official World Cup ball?Jabulani
50.5%
Who scored the first goal of the 2010 World Cup?Siphiwe Tshabalala
44.7%
Who scored the only hat-trick of the tournament?Gonzalo Higuain
44.7%
Who scored the disallowed goal for USA v Slovenia?Maurice Edu
29.1%
Who had the first goal in the Semifinal between Netherlands and Uruguay?Giovanni van Bronckhorst
28.2%
Where was the ref from the USA v Slovenia game from?Mali
15.5%

You're not logged in!

Compare scores with friends on all Sporcle quizzes.
OR
Log In

Show Comments

Extras

Top Quizzes Today


Score Distribution

Your Account Isn't Verified!

In order to create a playlist on Sporcle, you need to verify the email address you used during registration. Go to your Sporcle Settings to finish the process.

Report this User

Report this user for behavior that violates our Community Guidelines.

Details: